| 000 | 01423nam0a2200361 4500 | ||
|---|---|---|---|
| 001 | RU\NLR\bibl\106462 | ||
| 005 | 20250617085912.0 | ||
| 010 |
_a5-7163-0003-0 _955000 |
||
| 020 |
_aRU _b98-30383 _9Книжная летопись |
||
| 021 |
_aRU _b98-22742 _91073 |
||
| 035 | _a(NLR Aleph) 000104188 | ||
| 090 |
_a589343 _c589343 |
||
| 100 | _a20000410d1998 |||y0rusy50 ca | ||
| 101 | 0 | _arus | |
| 102 | _aRU | ||
| 105 | _aa ||||||||| | ||
| 200 | 1 |
_aЗанимательный Basic _e[Для старшеклассников и не только...] _fФиличев С. В. |
|
| 210 |
_aМ. _cЭКОМ _d1998 |
||
| 215 |
_a190,[1] с. _cил. _d22 |
||
| 225 | 1 | _aПрограммирование | |
| 606 | 0 |
_aBASIC, язык программирования _jРуководства, пособия и т.п. для средней школы _91173732 _3RU\NLR\auth\66153742 |
|
| 606 | 0 |
_aBASIC, язык программирования _jУчебные издания для средней школы _91173732 _3RU\NLR\auth\66153742 |
|
| 610 | 0 | _aБейсик (д. л.) | |
| 675 |
_a087.5:004.43 _v3 _zrus |
||
| 686 |
_a32.973.26-018.1 _2rubbk |
||
| 686 | _aЗ973.2-018.5я721 | ||
| 700 | 1 |
_aФиличев _gСергей Владимирович _4070 |
|
| 801 | 0 |
_aRU _bRKP _c20000410 _gPSBO |
|
| 801 | 1 |
_aRU _bRKP _c20000905 _gPSBO |
|
| 852 |
_aNLR _j98-3/8778 |
||
| 942 | _cBOOK | ||
| 980 | _aNB | ||